000 00486nam a2200193Ia 4500
008 230125s9999 xx 000 0 und d
020 _a81-87853-37-9
041 _aeng
082 _a658
_bKAK
100 _aKakri S
_9111097
245 _aManagement goals through poetry
260 _c2003
_bEnglish edition publishers
_aMumbai
300 _a94p
500 _aGeneral Management
650 _aManagement
700 _aKakri S
_9111097
906 _b14
999 _c87999
_d87999